Les plus hauts sommets des Alpes françaises - Statistiques

Statistiques générales
  • Ce quiz a été pris 200 fois
  • Le résultat moyen est 8 sur 25
Statistiques - réponses
Altitude
en mètres
Réponse % Correct
4808 Mont {Blanc}
100%
4102 Barre des {Ecrins}
82%
4248 Mont Blanc du {Tacul}
66%
4306 Dôme du {Goûter}
61%
4122 Aiguille {verte}
60%
4468 Mont {Maudit}
52%
4748 Mont Blanc de {Courmayeur}
50%
4014 Dent du {Géant}
44%
4015 Dôme de {neige} des Ecrins
33%
4064 Aiguilles du Diable - Corne du {Diable}
29%
4208 Grandes Jorasses - Pointe {Walker}
28%
4052 Aiguille de {Bionnassay}
27%
4000 Les {Droites}
26%
4184 Grandes Jorasses - Pointe {Whymper}
20%
4001 Aiguille de {Rochefort}
14%
4015 Dôme de {Rochefort}
14%
4110 Grandes Jorasses - Pointe {Croz}
13%
4035 Aiguille du {Jardin}
9%
4102 Grande {Rocheuse}
9%
4045 Grandes Jorasses - Pointe {Hélène}
9%
4065 Grandes Jorasses - Pointe {Marguerite}
9%
4114 Aiguilles du Diable - Pointe {isolée}
7%
4109 Aiguilles du Diable - Pointe {Carmen}
5%
4074 Aiguilles du Diable - Pointe {Chaubert}
4%
4097 Aiguilles du Diable - Pointe {médiane}
4%
Aucun quiz correspondant
Distribution des résultats
% des personnes avec chaque résultat
Percentile par nombre de réponses
Votre historique - résultats
Vous n’avez pas pris ce quiz